The little data book 2013 (Record no. 11095)
[ view plain ]
| 000 -LEADER | |
|---|---|
| fixed length control field | 01202nam a2200313 a 4500 |
| 082 04 - DEWEY DECIMAL CLASSIFICATION NUMBER | |
| Classification number | 338.9 |
| 245 04 - TITLE STATEMENT | |
| Title | The little data book 2013 |
| 260 ## - PUBLICATION, DISTRIBUTION, ETC. (IMPRINT) | |
| Place of publication | Washington, D.C. : |
| Name of publisher | World Bank, |
| Year of publication | c2013. |
| 300 ## - PHYSICAL DESCRIPTION | |
| Number of Pages | 1 online resource (239 p.) |
| 650 #0 - SUBJECT ADDED ENTRY--TOPICAL TERM | |
| Topical Term | Economic development |
| Topical Term | Economic indicators. |
| Topical Term | Social indicators. |
| 856 40 - ELECTRONIC LOCATION AND ACCESS | |
| Uniform Resource Identifier | http://site.ebrary.com/lib/rucke/Doc?id=10690508 |
| 588 ## - | |
| -- | Description based on online resource; title from title page (ebrary, viewed May 15, 2013). |
No items available.
